|
|
|
|
| LEADER |
00000cam a2200000 7i4500 |
| 001 |
0000013672 |
| 005 |
20080130.0 |
| 008 |
080122 |
| 020 |
|
|
|a 9830461920
|
| 090 |
0 |
0 |
|a 297.5
|b HUS
|
| 100 |
1 |
|
|a Al-Husni, Abu Hikmah
|
| 245 |
1 |
0 |
|a Keanehan & keajaiban hati
|c Abu Hikmah Al-Husni
|
| 246 |
0 |
|
|a Keanehan dan keajaiban hati
|
| 260 |
|
|
|a Kuala Lumpur :
|b Darul Nu'man ,
|c 1997
|
| 650 |
|
0 |
|a Faith (Islam)
|
| 650 |
|
0 |
|a Islamic ethics
|
| 650 |
|
0 |
|a Islam
|x Doctrines
|
| 740 |
0 |
|
|a Keanehan dan keajaiban
|
| 999 |
|
|
|a 0001005519
|b Book
|c Adult Collection
|e Perbadanan Perpustakaan Awam Johor
|
| 999 |
|
|
|a 0001005520
|b Book
|c Adult Collection
|e Perbadanan Perpustakaan Awam Johor
|
| 999 |
|
|
|a 0001005521
|b Book
|c Adult Collection
|e Perbadanan Perpustakaan Awam Johor
|